[Event "First Saturday FM-B Dec 2013"]
[Site "Budapest"]
[Date "2013.12.07"]
[Round "1.1"]
[White "Bozay, Gergely"]
[Black "Czimer, Jozsef"]
[Result "0-1"]
[WhiteElo "1792"]
[BlackElo "1720"]
[PlyCount "66"]
[EventDate "2013.12.07"]

1. Nf3 Nf6 2. d4 g6 3. c4 Bg7 4. Nc3 O-O 5. g3 d6 6. Bg2 Nbd7 7. O-O e5 8. e4
exd4 9. Nxd4 Re8 10. f4 Nc5 11. Re1 c6 12. Nb3 Nxb3 13. axb3 Ng4 14. Bf3 h5 15.
Be3 Nxe3 16. Rxe3 Qb6 17. Qe2 Bd4 18. Re1 Qxb3 19. Kg2 Bxe3 20. Qxe3 Qxb2+ 21.
Re2 Qb4 22. Qd4 Be6 23. Na2 Qxc4 24. Qxd6 Rad8 25. Qa3 a6 26. Qb2 b5 27. Qf6
Rd3 28. Nc1 Rxf3 29. Kxf3 Bg4+ 30. Kf2 Qc5+ 31. Re3 Qxc1 32. Qd4 Qc2+ 33. Kg1
Bh3 0-1

[Event "First Saturday FM-B Dec 2013"]
[Site "Budapest"]
[Date "2013.12.07"]
[Round "1.4"]
[White "Szurkos, Andras"]
[Black "Bacsi, Andras"]
[Result "0-1"]
[WhiteElo "1740"]
[BlackElo "1831"]
[PlyCount "94"]
[EventDate "2013.12.07"]

1. c4 Nf6 2. Nc3 g6 3. g3 d5 4. cxd5 Nxd5 5. Bg2 Nxc3 6. bxc3 Bg7 7. d4 O-O 8.
e3 c5 9. Ne2 Nc6 10. O-O Qc7 11. a4 Bg4 12. f3 Bd7 13. Ba3 cxd4 14. cxd4 Rfd8
15. Rc1 e6 16. Nc3 Bf8 17. Bxf8 Kxf8 18. Ne4 Rac8 19. f4 Be8 20. h4 Qa5 21. Rc5
Qb4 22. h5 Ne7 23. hxg6 hxg6 24. Qa1 Nd5 25. Kf2 b6 26. Rcc1 Qb3 27. Rfe1 Qxa4
28. Qb2 Qb4 29. Qa2 a5 30. Ng5 Nc3 31. Qc2 Ne4+ 32. Qxe4 Qd2+ 33. Re2 Qxc1 34.
Nxe6+ fxe6 35. Qxe6 Bf7 36. Qf6 Kg8 37. Be4 Qc7 38. Kf3 Qd6 39. Qh4 Kg7 40. f5
Qf6 41. Qh2 gxf5 42. Bb1 Bd5+ 43. Kf4 Rh8 44. Qf2 Qd6+ 45. Kg5 Qh6+ 46. Kxf5
Rhf8+ 47. Ke5 Qe6# 0-1

[Event "First Saturday FM-B Dec 2013"]
[Site "Budapest"]
[Date "2013.12.07"]
[Round "1.5"]
[White "Schmidt, Wolfgang"]
[Black "Ongut, Tamas Gunes"]
[Result "0-1"]
[WhiteElo "1470"]
[BlackElo "1481"]
[PlyCount "102"]
[EventDate "2013.12.07"]

1. d4 d5 2. Nf3 Nf6 3. c4 e6 4. Nc3 Bb4 5. Bg5 Bxc3+ 6. bxc3 c6 7. e3 Qa5 8.
Qc2 Ne4 9. Rc1 Nxg5 10. Nxg5 h6 11. Nf3 O-O 12. Bd3 Nd7 13. O-O Nb6 14. cxd5
cxd5 15. Ne5 Nd7 16. c4 Nxe5 17. dxe5 dxc4 18. Bxc4 Qxe5 19. Rfd1 Qc7 20. Qb1
Rd8 21. Bd3 Qe7 22. Rc3 e5 23. Rdc1 Be6 24. Rc7 Rd7 25. Qxb7 Rad8 26. Bb5 Rd1+
27. Bf1 Qa3 28. Qc6 Rxc1 29. Qxc1 Qxc1 30. Rxc1 Bxa2 31. Ra1 Rd2 32. g3 a5 33.
Bb5 Rb2 34. Ba4 Kf8 35. h4 Ke7 36. Rc1 Rb1 37. Rxb1 Bxb1 38. Kg2 g5 39. f3 f5
40. hxg5 hxg5 41. f4 gxf4 42. gxf4 exf4 43. exf4 Kd6 44. Kf2 Kc5 45. Ke3 Kb4
46. Bd7 a4 47. Kd2 a3 48. Be6 a2 49. Bxa2 Bxa2 50. Kd3 Bb1+ 51. Kd4 Be4 0-1

[Event "First Saturday FM-B Dec 2013"]
[Site "Budapest"]
[Date "2013.12.08"]
[Round "2.1"]
[White "Czimer, Jozsef"]
[Black "Ongut, Tamas Gunes"]
[Result "1-0"]
[WhiteElo "1720"]
[BlackElo "1481"]
[PlyCount "75"]
[EventDate "2013.12.07"]

1. e4 c5 2. c3 d6 3. d4 Nf6 4. f3 cxd4 5. cxd4 Nc6 6. d5 Ne5 7. Nc3 Bd7 8. Qb3
Rb8 9. Be3 Qa5 10. O-O-O g6 11. Kb1 Bg7 12. Nge2 O-O 13. Nd4 a6 14. Nf5 b5 15.
Nxe7+ Kh8 16. Nc6 Bxc6 17. dxc6 Rbd8 18. Nd5 Nxd5 19. exd5 Nc4 20. Bxc4 bxc4
21. Qxc4 Rb8 22. Bd4 Rb4 23. Bxg7+ Kxg7 24. Qc3+ Kg8 25. Rd2 Rfb8 26. Rc1 Qc7
27. Re1 a5 28. Qf6 Qb6 29. a3 Rb3 30. Ka2 a4 31. Rde2 Rf8 32. Re8 Rxa3+ 33.
bxa3 Qb3+ 34. Ka1 Qxa3+ 35. Kb1 Qd3+ 36. Kc1 Qa3+ 37. Qb2 Qc5+ 38. Kb1 1-0

[Event "First Saturday FM-B Dec 2013"]
[Site "Budapest"]
[Date "2013.12.08"]
[Round "2.2"]
[White "Bacsi, Andras"]
[Black "Schmidt, Wolfgang"]
[Result "1-0"]
[WhiteElo "1831"]
[BlackElo "1470"]
[PlyCount "95"]
[EventDate "2013.12.07"]

1. d4 Nf6 2. c4 g6 3. Nc3 Bg7 4. e4 d6 5. Nf3 Nc6 6. Be2 O-O 7. O-O e5 8. d5
Ne7 9. Nd2 Ne8 10. b4 f5 11. Bb2 f4 12. c5 g5 13. cxd6 cxd6 14. Nc4 Ng6 15. Bg4
Nf6 16. Be6+ Kh8 17. f3 a6 18. a4 Qc7 19. Qd3 Bd7 20. Rfc1 Rfe8 21. Nd1 Bxe6
22. dxe6 Rxe6 23. Nxe5 Nxe5 24. Bxe5 Qe7 25. Bd4 Re8 26. Nb2 h5 27. Qc3 Qf7 28.
Nd3 Kh7 29. b5 Nd7 30. Bxg7 Qxg7 31. Qxg7+ Kxg7 32. Rc7 R8e7 33. Rxb7 axb5 34.
axb5 Nc5 35. Nxc5 dxc5 36. Rxe7+ Rxe7 37. Kf2 Rb7 38. Rb1 Kf6 39. Ke2 Ke5 40.
Kd3 Rb8 41. Kc4 Rc8 42. b6 Kd6 43. b7 Rb8 44. Rb6+ Kc7 45. Kxc5 Rd8 46. b8=Q+
Rxb8 47. Rxb8 Kxb8 48. Kd6 1-0

[Event "First Saturday FM-B Dec 2013"]
[Site "Budapest"]
[Date "2013.12.08"]
[Round "2.3"]
[White "Onur, Cem"]
[Black "Szurkos, Andras"]
[Result "0-1"]
[WhiteElo "1546"]
[BlackElo "1740"]
[PlyCount "162"]
[EventDate "2013.12.07"]

1. e4 e5 2. Bc4 Nf6 3. d3 Bc5 4. Nf3 d6 5. c3 O-O 6. O-O Bg4 7. h3 Bh5 8. Re1
c6 9. d4 exd4 10. cxd4 Bb4 11. Bd2 Bxd2 12. Nbxd2 d5 13. exd5 Nxd5 14. Re5 Bg6
15. Bxd5 Nd7 16. Bxf7+ Bxf7 17. Re2 Nf6 18. Qe1 Nd5 19. Re5 Bg6 20. Ng5 Nf4 21.
Qe3 h6 22. Ne6 Nxe6 23. Rxe6 Bf7 24. Re7 Qb6 25. b3 Rae8 26. Rxe8 Rxe8 27. Qd3
Rd8 28. Nf3 Qa5 29. Qc2 Qc7 30. Qf5 Qd6 31. Re1 Rf8 32. Qe5 Qg6 33. Qc5 Bd5 34.
Nh4 Qf6 35. Nf3 Bxf3 36. gxf3 Qxf3 37. Qc4+ Kh8 38. Qf1 Qf5 39. Re3 Rf6 40. Rg3
h5 41. Qe2 g6 42. Qe8+ Kg7 43. Qe7+ Kh6 44. Qe2 Kh7 45. Qe7+ Rf7 46. Qe2 Qf6
47. Qe3 Qf5 48. Qe2 Rf6 49. Qe7+ Kh6 50. Qe3+ Kh7 51. Qe7+ Rf7 52. Qe2 Qf6 53.
Qe3 Qf5 54. Qe2 Rd7 55. Qd3 Qf6 56. Kh1 Rd6 57. Qf3 Qxd4 58. Qf7+ Qg7 59. Rf3
Rd7 60. Qxg7+ Kxg7 61. Kg2 a5 62. Kg3 Rd5 63. a3 g5 64. h4 g4 65. Re3 Kf6 66.
b4 axb4 67. axb4 b6 68. Rc3 c5 69. bxc5 bxc5 70. f3 gxf3 71. Kxf3 Ke5 72. Rc4
Kd6 73. Ke4 Rd1 74. Kf5 Kd5 75. Rc2 Rg1 76. Rd2+ Kc4 77. Rc2+ Kd4 78. Rd2+ Kc3
79. Rd6 Rg4 80. Rd5 c4 81. Rc5 Rxh4 0-1

[Event "First Saturday FM-B Dec 2013"]
[Site "Budapest"]
[Date "2013.12.08"]
[Round "2.4"]
[White "Marcu, Simon"]
[Black "Szlenka, Attila"]
[Result "1/2-1/2"]
[WhiteElo "1885"]
[BlackElo "1796"]
[PlyCount "40"]
[EventDate "2013.12.07"]

1. d4 Nf6 2. c4 g6 3. Nc3 Bg7 4. e4 d6 5. Bd3 O-O 6. Nge2 e5 7. d5 a5 8. O-O
Nbd7 9. Na4 b6 10. Nec3 Nh5 11. g4 Nf4 12. Ne2 Nh3+ 13. Kg2 Qh4 14. f3 h5 15.
Qe1 Qxe1 16. Rxe1 hxg4 17. fxg4 Nf4+ 18. Bxf4 exf4 19. Nxf4 Ne5 20. Be2 Bxg4
1/2-1/2

[Event "First Saturday FM-B Dec 2013"]
[Site "Budapest"]
[Date "2013.12.08"]
[Round "2.5"]
[White "Bozay, Gergely"]
[Black "Di Giovanni, Vilmos"]
[Result "0-1"]
[WhiteElo "1792"]
[BlackElo "1810"]
[PlyCount "106"]
[EventDate "2013.12.07"]

1. d4 Nf6 2. c4 g6 3. Nc3 d5 4. cxd5 Nxd5 5. e4 Nb6 6. Bb5+ c6 7. Be2 Bg7 8.
Nf3 O-O 9. O-O N8d7 10. a4 Nf6 11. a5 Nbd7 12. Bf4 b6 13. axb6 Nxb6 14. Ne5 Bb7
15. Rc1 Rc8 16. Qd2 Nfd7 17. Ng4 h5 18. Ne3 Nc5 19. Qc2 Ne6 20. Be5 Nxd4 21.
Bxd4 Qxd4 22. Ra1 Ra8 23. Rfd1 Qb4 24. Ba6 Bxa6 25. Rxa6 e6 26. Rda1 Qe7 27.
Na4 Nxa4 28. R1xa4 c5 29. Nc4 Qb7 30. h3 Bd4 31. b3 Rfb8 32. Nd6 Qxb3 33. Qxb3
Rxb3 34. Rxa7 Rxa7 35. Rxa7 Rb1+ 36. Kh2 Be5+ 37. g3 Bxd6 38. Rd7 Bf8 39. Rd8
c4 40. Rc8 Rc1 41. Kg2 Kg7 42. Kf3 Bb4 43. e5 c3 44. Rc4 Rd1 45. g4 hxg4+ 46.
hxg4 Ba5 47. Ke2 Rd2+ 48. Kf3 g5 49. Rc5 Rxf2+ 50. Kg3 c2 51. Rc8 Rd2 52. Kh3
Rd3+ 53. Kg2 Rc3 0-1

[Event "First Saturday FM-B Dec 2013"]
[Site "Budapest"]
[Date "2013.12.09"]
[Round "3.1"]
[White "Di Giovanni, Vilmos"]
[Black "Czimer, Jozsef"]
[Result "1/2-1/2"]
[WhiteElo "1810"]
[BlackElo "1720"]
[PlyCount "25"]
[EventDate "2013.12.07"]

1. e4 b6 2. d4 Bb7 3. Nc3 e6 4. a3 Be7 5. Nf3 d6 6. Bd3 Nf6 7. O-O O-O 8. Re1
Nbd7 9. Bf4 c5 10. e5 dxe5 11. dxe5 Nd5 12. Nxd5 Bxd5 13. Be4 1/2-1/2

[Event "First Saturday FM-B Dec 2013"]
[Site "Budapest"]
[Date "2013.12.09"]
[Round "3.3"]
[White "Szurkos, Andras"]
[Black "Marcu, Simon"]
[Result "0-1"]
[WhiteElo "1740"]
[BlackElo "1885"]
[PlyCount "75"]
[EventDate "2013.12.07"]

1. e4 c5 2. Nf3 d5 3. exd5 Qxd5 4. Nc3 Qd8 5. d4 cxd4 6. Bb5+ Bd7 7. Qxd4 a6 8.
Bxd7+ Qxd7 9. O-O e6 10. Bf4 Qxd4 11. Nxd4 Nd7 12. Rfe1 Bb4 13. Bd2 Ngf6 14. a3
Bxc3 15. Bxc3 O-O 16. Rad1 Rac8 17. Bb4 Rfe8 18. c3 Nd5 19. Bd6 N7b6 20. Rb1
Nc4 21. Bg3 e5 22. Nf5 g6 23. Nh6+ Kg7 24. Ng4 f6 25. Ne3 Ndxe3 26. fxe3 Red8
27. Re2 Rd3 28. Bf2 Rcd8 29. g3 e4 30. Ree1 Nd2 31. Rbc1 Nf3+ 32. Kf1 Nxe1 33.
Kxe1 Rd2 34. g4 Rxb2 35. Bg3 Rdd2 36. c4 Re2+ 37. Kf1 Rbc2 38. Rd1 0-1

[Event "First Saturday FM-B Dec 2013"]
[Site "Budapest"]
[Date "2013.12.09"]
[Round "3.4"]
[White "Schmidt, Wolfgang"]
[Black "Onur, Cem"]
[Result "1/2-1/2"]
[WhiteElo "1470"]
[BlackElo "1546"]
[PlyCount "92"]
[EventDate "2013.12.07"]

1. d4 d5 2. Nf3 Nf6 3. c4 e6 4. Nc3 Nbd7 5. Bg5 Be7 6. e3 O-O 7. Bd3 h6 8. Bh4
a6 9. cxd5 exd5 10. O-O c6 11. Qc2 Re8 12. Rab1 Ne4 13. Bxe7 Qxe7 14. b4 f5 15.
a4 b5 16. Rfc1 Bb7 17. axb5 axb5 18. Qb2 Ra7 19. Rc2 Rea8 20. Qc1 g5 21. Nd2 g4
22. Ne2 Ra3 23. Nf4 h5 24. Bxe4 fxe4 25. Nxh5 R8a4 26. Rcb2 Ra2 27. Rxa2 Rxa2
28. Qd1 Qg5 29. Nf4 Qf5 30. Nf1 Nf6 31. Ng3 Qc8 32. Qc1 Qf8 33. Rb2 Qa8 34. Rb1
Qf8 35. Qc5 Qxc5 36. dxc5 Bc8 37. Nge2 Nd7 38. Nd4 Ne5 39. h3 gxh3 40. gxh3 Bd7
41. Rb3 Kh7 42. Kg2 Kh6 43. Kg3 Ra1 44. Nfe2 Rd1 45. Nf4 Rg1+ 46. Ng2 Rd1
1/2-1/2

[Event "First Saturday FM-B Dec 2013"]
[Site "Budapest"]
[Date "2013.12.10"]
[Round "4.1"]
[White "Czimer, Jozsef"]
[Black "Bacsi, Andras"]
[Result "0-1"]
[WhiteElo "1720"]
[BlackElo "1831"]
[PlyCount "59"]
[EventDate "2013.12.07"]

1. e4 c5 2. Nf3 d6 3. d4 cxd4 4. Nxd4 Nf6 5. Nc3 g6 6. Bc4 Bg7 7. Be3 O-O 8. f3
Nc6 9. Qd2 Bd7 10. g4 Rc8 11. Bb3 Ne5 12. O-O-O Nc4 13. Bxc4 Rxc4 14. h4 Qc7
15. h5 Rc8 16. hxg6 fxg6 17. Rh2 Qa5 18. Nb3 Qa6 19. Kb1 b5 20. g5 Nh5 21. Nd5
Rxc2 22. Qxc2 Rxc2 23. Rxc2 e6 24. Nb4 Qa4 25. Nc6 Bxc6 26. Rxc6 Be5 27. Rc8+
Kf7 28. Rc7+ Ke8 29. Rxa7 Qc4 30. Rc1 0-1

[Event "First Saturday FM-B Dec 2013"]
[Site "Budapest"]
[Date "2013.12.10"]
[Round "4.2"]
[White "Onur, Cem"]
[Black "Ongut, Tamas Gunes"]
[Result "1-0"]
[WhiteElo "1546"]
[BlackElo "1481"]
[PlyCount "53"]
[EventDate "2013.12.07"]

1. e4 c5 2. Nc3 d6 3. g3 Nf6 4. Bg2 g6 5. d3 Bg7 6. Nge2 Nc6 7. O-O O-O 8. f4
Bd7 9. h3 Rb8 10. Be3 b5 11. Qd2 b4 12. Nd1 Qc7 13. g4 Ne8 14. f5 e6 15. h4 Ne5
16. fxe6 Bxe6 17. g5 Qd7 18. Nf4 Bg4 19. d4 cxd4 20. Bxd4 a5 21. Ne3 Be6 22.
Nxe6 Qxe6 23. Nd5 Nc4 24. Qf2 Nxb2 25. Bxg7 Kxg7 26. Qa7 Nc4 27. Qxb8 1-0

[Event "First Saturday FM-B Dec 2013"]
[Site "Budapest"]
[Date "2013.12.10"]
[Round "4.3"]
[White "Marcu, Simon"]
[Black "Schmidt, Wolfgang"]
[Result "1-0"]
[WhiteElo "1885"]
[BlackElo "1470"]
[PlyCount "93"]
[EventDate "2013.12.07"]

1. d4 Nf6 2. c4 g6 3. Nc3 Bg7 4. e4 d6 5. f3 O-O 6. Bd3 Nc6 7. Nge2 e5 8. d5
Ne7 9. Be3 Ne8 10. Qd2 f5 11. O-O-O f4 12. Bf2 h5 13. c5 Bd7 14. Kb1 Qb8 15.
Rc1 c6 16. Rhd1 Nc8 17. Bc4 Kh7 18. Bb3 Qc7 19. Na4 Qd8 20. Rc3 Qa5 21. Qc2
cxd5 22. Rxd5 Bc6 23. Rd1 Qd8 24. Rcd3 g5 25. Nac3 Rf6 26. Nd5 Rg6 27. h3 Qd7
28. Nb4 Bb5 29. R3d2 Bf8 30. Nc3 Bc6 31. Ncd5 Rh6 32. Nc3 Qc7 33. Ncd5 Qa5 34.
Rc1 Rb8 35. Nd3 Bb5 36. cxd6 Ncxd6 37. Nxe5 Re6 38. Nd3 Nc4 39. Bxc4 Bxc4 40.
Nc3 b5 41. b3 b4 42. Ne2 Bxd3 43. Rxd3 Ra6 44. Rd5 Qa3 45. Qd2 Rg6 46. Nd4 a5
47. Nf5 1-0

[Event "First Saturday FM-B Dec 2013"]
[Site "Budapest"]
[Date "2013.12.10"]
[Round "4.4"]
[White "Bozay, Gergely"]
[Black "Szurkos, Andras"]
[Result "1-0"]
[WhiteElo "1792"]
[BlackElo "1740"]
[PlyCount "115"]
[EventDate "2013.12.07"]

1. d4 d5 2. c4 e5 3. dxe5 d4 4. a3 Nc6 5. e3 Nxe5 6. Qxd4 Nc6 7. Qxd8+ Nxd8 8.
Nc3 c6 9. Nf3 Nf6 10. Be2 Be7 11. O-O O-O 12. b4 a6 13. c5 Bf5 14. Nd4 Bg6 15.
Bb2 Ne4 16. Nxe4 Bxe4 17. f3 Bg6 18. Rad1 Bf6 19. Bd3 Bxd3 20. Rxd3 Re8 21. e4
a5 22. Bc1 axb4 23. axb4 Bxd4+ 24. Rxd4 Ne6 25. Rd7 Rab8 26. g3 Red8 27. Rfd1
Kf8 28. Bf4 Ke8 29. Rxd8+ Rxd8 30. Rxd8+ Kxd8 31. Be3 Nc7 32. Kf2 Na6 33. Bd2
Kc7 34. Bc3 g6 35. Ke3 b6 36. Kd4 bxc5+ 37. bxc5 Kd7 38. f4 h5 39. Ba5 Ke6 40.
Bb6 Nb8 41. h3 f6 42. g4 hxg4 43. hxg4 Nd7 44. Bc7 f5 45. exf5+ gxf5 46. g5 Nf8
47. Kc4 Ng6 48. Bd6 Nh4 49. Kb4 Kd5 50. Ka5 Ng6 51. Kb6 Nh4 52. Kc7 Nf3 53. Kd7
Nd4 54. Ke7 Ne6 55. Kf6 Nxc5 56. Bxc5 Kxc5 57. g6 Kb4 58. g7 1-0

[Event "First Saturday FM-B Dec 2013"]
[Site "Budapest"]
[Date "2013.12.10"]
[Round "4.5"]
[White "Di Giovanni, Vilmos"]
[Black "Szlenka, Attila"]
[Result "0-1"]
[WhiteElo "1810"]
[BlackElo "1796"]
[PlyCount "70"]
[EventDate "2013.12.07"]

1. Nf3 c5 2. h4 Nc6 3. e3 Nf6 4. d4 e6 5. b3 cxd4 6. Nxd4 Bb4+ 7. c3 Be7 8. Bd3
a6 9. Bb2 d5 10. c4 Bb4+ 11. Nd2 Qa5 12. cxd5 Ne5 13. Bc2 Nxd5 14. a3 Bc3 15.
b4 Qc7 16. Bxc3 Qxc3 17. Ne2 Qc7 18. Rc1 Qe7 19. Nb3 O-O 20. Qd4 Nc6 21. Qd3
Nf6 22. Ned4 Ne5 23. Qe2 Bd7 24. f3 Rac8 25. Nc5 Bc6 26. Nxc6 Rxc6 27. g4 a5
28. g5 Nd5 29. f4 axb4 30. Qb5 Ng4 31. axb4 Ngxe3 32. Be4 Rb6 33. Qd7 Rxb4 34.
Qxe7 Nxe7 35. Bxb7 N7d5 0-1

[Event "First Saturday FM-B Dec 2013"]
[Site "Budapest"]
[Date "2013.12.11"]
[Round "5.1"]
[White "Szlenka, Attila"]
[Black "Czimer, Jozsef"]
[Result "1-0"]
[WhiteElo "1796"]
[BlackElo "1720"]
[PlyCount "61"]
[EventDate "2013.12.07"]

1. g3 e5 2. Bg2 Nf6 3. c4 Nc6 4. Nc3 a6 5. d3 h6 6. a3 Nd4 7. e3 Ne6 8. Nge2 c6
9. d4 exd4 10. Nxd4 Bc5 11. O-O O-O 12. b4 Be7 13. Nf5 Re8 14. e4 d6 15. Bb2
Bf8 16. Qd2 Qc7 17. Rad1 Rd8 18. h3 b6 19. Qe3 Rb8 20. Rd2 Bb7 21. Rfd1 Ba8 22.
Ne2 Rbc8 23. Bxf6 gxf6 24. Nxh6+ Bxh6 25. Qxh6 Qe7 26. h4 c5 27. b5 axb5 28.
cxb5 Nf8 29. f3 d5 30. Nf4 dxe4 31. Nh5 1-0

[Event "First Saturday FM-B Dec 2013"]
[Site "Budapest"]
[Date "2013.12.11"]
[Round "5.2"]
[White "Szurkos, Andras"]
[Black "Di Giovanni, Vilmos"]
[Result "1/2-1/2"]
[WhiteElo "1740"]
[BlackElo "1810"]
[PlyCount "111"]
[EventDate "2013.12.07"]

1. c4 f5 2. Nc3 Nf6 3. d3 e6 4. e4 d6 5. Bg5 Be7 6. Nf3 fxe4 7. dxe4 Nc6 8. Be2
O-O 9. h3 Nh5 10. Be3 Nf4 11. Bxf4 Rxf4 12. g3 Rf8 13. Qd2 Bf6 14. a3 b6 15. b4
Bb7 16. Rc1 Ne5 17. Rc2 Qe8 18. Nxe5 Bxe5 19. Qd3 Qg6 20. O-O Bxc3 21. Rxc3
Bxe4 22. Qe3 e5 23. Bd3 Bxd3 24. Rxd3 Rae8 25. Kh2 e4 26. Rd5 Rf3 27. Qg5 Qxg5
28. Rxg5 e3 29. Kg2 e2 30. Re1 Rxa3 31. Rd5 a5 32. bxa5 Rxa5 33. Rd2 Rc5 34.
Rd4 b5 35. cxb5 Rxb5 36. Rd2 Rc5 37. Rdxe2 Rxe2 38. Rxe2 Kf7 39. Kf3 d5 40. Ke3
c6 41. Ra2 Rc4 42. Ra7+ Kf6 43. Rd7 h5 44. f4 g5 45. fxg5+ Kxg5 46. h4+ Kg4 47.
Rg7+ Kh3 48. Rg5 Rc3+ 49. Kf4 d4 50. g4 d3 51. Ke3 Kxh4 52. Rxh5+ Kxg4 53. Rh6
c5 54. Kd2 Ra3 55. Rc6 Kf4 56. Rxc5 1/2-1/2

[Event "First Saturday FM-B Dec 2013"]
[Site "Budapest"]
[Date "2013.12.11"]
[Round "5.3"]
[White "Schmidt, Wolfgang"]
[Black "Bozay, Gergely"]
[Result "0-1"]
[WhiteElo "1470"]
[BlackElo "1792"]
[PlyCount "128"]
[EventDate "2013.12.07"]

1. d4 Nf6 2. Nf3 e6 3. c4 c5 4. d5 exd5 5. cxd5 d6 6. Nc3 Nbd7 7. e4 a6 8. a4
g6 9. Be2 Bg7 10. O-O O-O 11. Rb1 Re8 12. Qc2 Ng4 13. Bf4 Nde5 14. Nd2 Qc7 15.
f3 Nh6 16. Nc4 f5 17. Qd2 Nxc4 18. Bxc4 Nf7 19. Rfe1 Ne5 20. Bf1 Bd7 21. b3 Qa5
22. Qc2 Nxf3+ 23. gxf3 Qxc3 24. Qd1 fxe4 25. fxe4 Qf6 26. Bg3 Qg5 27. Bg2 Bd4+
28. Kh1 Be5 29. Qd3 Bxg3 30. Qxg3 Qxg3 31. hxg3 b5 32. a5 Rac8 33. Rec1 b4 34.
Re1 Bb5 35. Bh3 Rc7 36. Be6+ Kg7 37. e5 Rd8 38. Bh3 dxe5 39. Rxe5 Bd3 40. Rc1
c4 41. Bg2 c3 42. g4 Rc5 43. Re3 Bb5 44. Kg1 Rf8 45. d6 c2 46. Re4 Rd8 47. Rd4
Kf6 48. Be4 Ke5 49. Rxb4 Rxd6 50. Rxc2 Rd1+ 51. Kf2 Rxc2+ 52. Bxc2 Rd2+ 53. Kf3
Rxc2 54. Re4+ Kf6 55. Re3 g5 56. Kg3 Rd2 57. b4 Rd3 58. Rxd3 Bxd3 59. Kf2 Ke5
60. Ke3 Bb5 61. Kf3 Kd4 62. Kf2 Ke4 63. Kg3 Ke3 64. Kh3 Kf3 0-1

[Event "First Saturday FM-B Dec 2013"]
[Site "Budapest"]
[Date "2013.12.11"]
[Round "5.4"]
[White "Ongut, Tamas Gunes"]
[Black "Marcu, Simon"]
[Result "0-1"]
[WhiteElo "1481"]
[BlackElo "1885"]
[PlyCount "74"]
[EventDate "2013.12.07"]

1. e4 c6 2. d4 d5 3. exd5 cxd5 4. Bb5+ Nc6 5. c3 a6 6. Ba4 Nf6 7. Nf3 Bg4 8. h3
Bh5 9. g4 Bg6 10. Nbd2 e6 11. Ne5 Rc8 12. Bxc6+ bxc6 13. Nxg6 hxg6 14. b4 Bd6
15. Bb2 Bf4 16. Qe2 a5 17. a3 Ra8 18. f3 axb4 19. axb4 Rxa1+ 20. Bxa1 Nd7 21.
Kd1 Nb6 22. Kc2 Qa8 23. Bb2 Bxd2 24. Qxd2 Qa4+ 25. Kc1 Nc4 26. Qc2 Qa6 27. Qb1
O-O 28. h4 Ra8 29. g5 Nxb2 30. Kxb2 Qe2+ 31. Kb3 Qxf3 32. Qd1 Qf2 33. Qb1 e5
34. dxe5 c5 35. b5 c4+ 36. Kb4 Qa7 37. Qb2 Qe7# 0-1

[Event "First Saturday FM-B Dec 2013"]
[Site "Budapest"]
[Date "2013.12.11"]
[Round "5.5"]
[White "Bacsi, Andras"]
[Black "Onur, Cem"]
[Result "1-0"]
[WhiteElo "1831"]
[BlackElo "1546"]
[PlyCount "111"]
[EventDate "2013.12.07"]

1. b3 d5 2. Bb2 c5 3. e3 Nc6 4. Nf3 e6 5. Bb5 Bd7 6. O-O Nf6 7. d4 Be7 8. Nbd2
O-O 9. c4 Rc8 10. a3 a6 11. Bxc6 Bxc6 12. Ne5 cxd4 13. Bxd4 dxc4 14. Nxc6 Rxc6
15. Nxc4 b5 16. Ne5 Rc8 17. a4 b4 18. Qe2 a5 19. Rfd1 Qc7 20. Nc4 Bc5 21. Bxf6
gxf6 22. Rd3 Rfd8 23. Rad1 Be7 24. h3 Rxd3 25. Rxd3 Rd8 26. Qd2 Rxd3 27. Qxd3
Qd8 28. Qxd8+ Bxd8 29. e4 e5 30. Kf1 Kg7 31. Ke2 Kg6 32. Kd3 Bc7 33. Ne3 Kg5
34. Nf5 Bb6 35. f3 Kf4 36. Ke2 Kg5 37. Kd3 Kg6 38. Kc4 Bc7 39. Kb5 h5 40. Kc6
Bd8 41. Kd7 Bb6 42. Ke8 Bc5 43. Kd7 Bb6 44. Kc6 Bd8 45. Kb5 Bc7 46. g3 Kg5 47.
h4+ Kg6 48. Ne3 Bd8 49. Nc4 Bc7 50. Nxa5 f5 51. Nc6 fxe4 52. fxe4 Kg7 53. a5 f5
54. a6 f4 55. gxf4 exf4 56. a7 1-0

[Event "First Saturday FM-B Dec 2013"]
[Site "Budapest"]
[Date "2013.12.13"]
[Round "6.1"]
[White "Czimer, Jozsef"]
[Black "Onur, Cem"]
[Result "0-1"]
[WhiteElo "1720"]
[BlackElo "1546"]
[PlyCount "84"]
[EventDate "2013.12.07"]

1. e4 c5 2. Nf3 e6 3. c4 Nc6 4. d4 cxd4 5. Nxd4 Nf6 6. Nc3 Bb4 7. f3 a6 8. Be3
Qc7 9. Rc1 O-O 10. Be2 Be7 11. O-O d6 12. Nb3 Bd7 13. Na4 Ne5 14. Nb6 Rad8 15.
f4 Ng6 16. Bd3 Bc6 17. Qf3 Nh4 18. Qe2 Bxe4 19. Bxe4 Nxe4 20. g4 Nc5 21. Nxc5
dxc5 22. Na4 Qc6 23. b3 Rd7 24. Qf2 b6 25. f5 Rd3 26. Rce1 Bg5 27. fxe6 Rxe3
28. exf7+ Kh8 29. Qxh4 Bxh4 30. Rxe3 Bf6 31. Nxb6 Bd4 32. Nd5 Qe6 33. Rfe1 Qxf7
34. Kg2 Qf2+ 35. Kh3 Bxe3 36. Rxe3 Rf3+ 37. Rxf3 Qxf3+ 38. Kh4 Qf2+ 39. Kg5
Qxa2 40. Ne3 Qxb3 41. Kf4 a5 42. h4 a4 0-1

[Event "First Saturday FM-B Dec 2013"]
[Site "Budapest"]
[Date "2013.12.13"]
[Round "6.2"]
[White "Marcu, Simon"]
[Black "Bacsi, Andras"]
[Result "1-0"]
[WhiteElo "1885"]
[BlackElo "1831"]
[PlyCount "25"]
[EventDate "2013.12.07"]

1. d4 d5 2. c3 Nf6 3. Bf4 e6 4. e3 Bd6 5. Bg5 h6 6. Bh4 e5 7. dxe5 Bxe5 8. Nf3
Bg4 9. Qa4+ Qd7 10. Bb5 c6 11. Nxe5 cxb5 12. Qf4 Qf5 13. Bxf6 1-0

[Event "First Saturday FM-B Dec 2013"]
[Site "Budapest"]
[Date "2013.12.13"]
[Round "6.3"]
[White "Bozay, Gergely"]
[Black "Ongut, Tamas Gunes"]
[Result "1-0"]
[WhiteElo "1792"]
[BlackElo "1481"]
[PlyCount "61"]
[EventDate "2013.12.07"]

1. d4 d5 2. c4 e6 3. Nc3 Nf6 4. Bg5 c6 5. Nf3 Bb4 6. Bxf6 Qxf6 7. e3 Bxc3+ 8.
bxc3 Nd7 9. Bd3 O-O 10. Qc2 h6 11. O-O b6 12. cxd5 exd5 13. e4 dxe4 14. Bxe4
Bb7 15. Rfe1 Rfe8 16. a4 a6 17. c4 Rab8 18. d5 cxd5 19. Bxd5 Bxd5 20. cxd5 Ne5
21. Nxe5 Rxe5 22. Rad1 Rbe8 23. Rxe5 Qxe5 24. g3 Qe2 25. Qxe2 Rxe2 26. d6 Re8
27. Rb1 Rb8 28. d7 b5 29. axb5 axb5 30. Rc1 Kh7 31. Rc8 1-0

[Event "First Saturday FM-B Dec 2013"]
[Site "Budapest"]
[Date "2013.12.13"]
[Round "6.4"]
[White "Di Giovanni, Vilmos"]
[Black "Schmidt, Wolfgang"]
[Result "1-0"]
[WhiteElo "1810"]
[BlackElo "1470"]
[PlyCount "111"]
[EventDate "2013.12.07"]

1. d4 Nf6 2. Nf3 g6 3. c3 Bg7 4. Bf4 d6 5. h3 O-O 6. e3 Nbd7 7. Nbd2 Ne8 8. Bc4
e6 9. O-O Nb6 10. Bb3 d5 11. e4 dxe4 12. Nxe4 Nd5 13. Bxd5 Qxd5 14. Re1 b6 15.
Qd2 Bb7 16. Bh6 Rd8 17. Bxg7 Kxg7 18. Qf4 f6 19. b3 Nd6 20. c4 Qf5 21. Qxf5
Nxf5 22. Rad1 Rd7 23. g4 Ne7 24. g5 Ng8 25. Nxf6 Nxf6 26. gxf6+ Rxf6 27. Ne5
Rd6 28. c5 Rd5 29. c6 Ba8 30. Re4 Rd6 31. Rc1 Rf8 32. b4 b5 33. a4 a6 34. axb5
axb5 35. Rc5 Rd5 36. Nd7 Rxc5 37. Nxc5 Bxc6 38. Nxe6+ Kg8 39. Re5 Re8 40. Nxc7
Rxe5 41. dxe5 g5 42. Kh2 Kf7 43. Kg3 Bd7 44. h4 h6 45. hxg5 hxg5 46. Kf3 Ke7
47. Ke4 Kd8 48. Na6 Ke7 49. Nc5 Bc8 50. f4 g4 51. f5 Bxf5+ 52. Kf4 Bc8 53. Nd3
Bf5 54. Kxf5 g3 55. Ne1 Kf7 56. e6+ 1-0

[Event "First Saturday FM-B Dec 2013"]
[Site "Budapest"]
[Date "2013.12.13"]
[Round "6.5"]
[White "Szlenka, Attila"]
[Black "Szurkos, Andras"]
[Result "0-1"]
[WhiteElo "1796"]
[BlackElo "1740"]
[PlyCount "72"]
[EventDate "2013.12.07"]

1. Nf3 d5 2. b4 Nf6 3. Bb2 e6 4. a3 Be7 5. g3 b6 6. Bg2 Bb7 7. O-O a5 8. b5
Nbd7 9. d3 c5 10. c4 d4 11. e4 Qc7 12. Qe2 Bd6 13. Bc1 h6 14. h4 O-O-O 15. Nh2
Rdg8 16. f4 e5 17. Bh3 Kb8 18. Ra2 exf4 19. gxf4 Nh7 20. e5 Be7 21. Nf3 Ka7 22.
Nbd2 g5 23. hxg5 hxg5 24. Bg2 gxf4 25. Ne4 f5 26. exf6 Ndxf6 27. Ne1 Nxe4 28.
Bxf4 Nd6 29. Qe5 Ng5 30. Bh2 Qd7 31. Kh1 Ngf7 32. Qf4 Bg5 33. Qf2 Be3 34. Qe2
Rxh2+ 35. Kxh2 Qe6 36. Bh3 Qe5+ 0-1